| 000 | 00983nam a2200253 a 4500 | ||
|---|---|---|---|
| 005 | 20090708161936.0 | ||
| 008 | 080207s2008 inua 001 0 eng | ||
| 010 | _aENG-94335 | ||
| 020 |
_a9788120336827 _c450.00 |
||
| 035 | _aEN-77868 | ||
| 037 | _bDBAD / PUB | ||
| 040 |
_adpl _bEnglish |
||
| 082 | _a658.812028553 | ||
| 245 |
_aMicrosoft Dynamics CRM 4.0 : _bstep by step / _cby Mike Snyder...[et al] |
||
| 260 |
_aNew Delhi _bPHI Learning _c2009 |
||
| 270 |
_aM-97 Connaught Circus _bNew Delhi _e110001 |
||
| 300 |
_axxx, 441p. _c25cm(pbk) |
||
| 500 | _aIncludes glossary and index | ||
| 650 |
_aCustomer relations _xManagement _xComputer programs. |
||
| 650 | _aManagement information systems. | ||
| 700 | _aSnyder, Mike | ||
| 942 |
_2ddc _cEN _h658.812028553 _mMIC |
||
| 999 |
_c28099 _d28099 |
||